000 00664cam a2200193 4500
001 ##L132946
008 060324n1969 000 0 eng u
035 _a(Sirsi) u132946
041 0 _aeng
050 0 4 _a331.2166 $2 18
110 2 _aIncorporated Association of Architects and Surveyors
_94913
245 0 0 _aItemised scale of professional charges for quantity surveying services for building works
260 _aS.l.[s.n.]
_c1969
300 _a21p.
_c21cm.
350 _a3s. 6d.
490 0 _aIncorporated Association of Architects and Surveyors Fee Scale
_v37
690 _aBUILT ENVIRONMENT-QUANTITY SURVEYING-CONSTRUCTION COST MANAGEMENT
942 _n0
999 _c105288
_d105288